Reseña histórica de la Universidad Católica de Valparaíso, 1928-1961.
Gorde:
| Egile nagusia: | |
|---|---|
| Formatua: | Liburua |
| Hizkuntza: | gaztelania |
| Argitaratua: |
Valparaíso, Chile:
Universidad Católica de Valparaíso,
1961.
|
| Edizioa: | Primera edición |
| Gaiak: | |
| Etiketak: |
Etiketa erantsi
Etiketarik gabe, Izan zaitez lehena erregistro honi etiketa jartzen!
|
MARC
| LEADER | 00000nam a2200000 a 4500 | ||
|---|---|---|---|
| 001 | UCT3440 | ||
| 003 | CL-VaPUC | ||
| 005 | 20240724112521.0 | ||
| 008 | 961024e19610628CL |||||||||||||||||spa|d | ||
| 999 | |c 253091 |d 253089 | ||
| 040 | |c Pontificia Universidad Católica de Valparaíso | ||
| 082 | 0 | 4 | |a 378.983 GON 1961 |2 21 |
| 100 | 0 | |a González Föerster, Jorge |e autor |9 372377 | |
| 245 | 1 | 0 | |a Reseña histórica de la Universidad Católica de Valparaíso, 1928-1961. |
| 250 | |a Primera edición | ||
| 260 | 0 | 3 | |a Valparaíso, Chile: |b Universidad Católica de Valparaíso, |c 1961. |
| 300 | |a 32 páginas. | ||
| 500 | |a El sacerdote jesuita ocupó la rectoría UCV entre los años 1951-1962 c.FHP. Donación Fernando Vergara Biblioteca Budge. | ||
| 583 | |a last modification |c 20130912 02:30:08 |k Rodrigo Vera | ||
| 600 | 0 | |a Universidad Católica de Valparaíso |9 267924 | |
| 600 | 0 | 7 | |a UCV TV |2 CL-VaPUC |9 372378 |
| 650 | 0 | |a Universidades |9 256317 | |
| 650 | 0 | |a Historia local |9 266584 | |
| 650 | 7 | |a TELEVISION CHILENA |2 CL-VaPUC |9 372379 | |
| 650 | 7 | |a RECTORES |2 CL-VaPUC |9 372380 | |
| 650 | 0 | |a Académicos |x Pontificia Universidad Católica de Valparaíso (PUCV) |9 255553 | |
| 650 | 0 | |a Archivo histórico PUCV |9 255554 | |
| 651 | 7 | |a CHILE |2 CL-VaPUC |9 372381 | |
| 942 | |c BK |2 ddc | ||
| 945 | |d 19961024 00:00:00 |a lriquelm | ||
| 952 | |0 0 |1 0 |2 ddc |4 0 |6 378_983000000000000_GON_1961 |7 0 |8 X |9 273580 |a BIBDER |b BIBDER |d 2019-11-19 |i 1862111 |o 378.983 GON 1961 |p 1862111 |r 2023-01-25 |t 12 |w 2019-11-19 |y BK_X |k DER | ||
| 952 | |0 0 |1 0 |2 ddc |4 0 |6 378_983000000000000_GON_1961 |7 0 |8 X |9 273581 |a BIBDER |b BIBDER |d 2019-11-19 |i 1951149 |o 378.983 GON 1961 |p 1951149 |r 2023-01-25 |t 13 |w 2019-11-19 |y BK_X |k DER | ||
| 952 | |0 0 |1 0 |2 ddc |4 0 |6 378_983000000000000_GON_1961 |7 0 |8 X |9 273582 |a BIBDER |b BIBDER |d 2019-11-19 |i 1956264 |o 378.983 GON 1961 |p 1956264 |r 2023-01-25 |t 14 |w 2019-11-19 |y BK_X |k DER | ||
| 952 | |0 0 |1 0 |2 ddc |4 0 |6 378_983000000000000_GON_1961 |7 0 |8 X |9 273583 |a FDOBUD |b FDOBUD |d 2019-11-19 |i 1041029 |o 378.983 GON 1961 |p 1041029 |r 2019-11-19 |t 1 |w 2019-11-19 |y BK_X |k FHP | ||
| 952 | |0 0 |1 0 |2 ddc |4 0 |6 378_983000000000000_GON_1961 |7 0 |8 X |9 273584 |a FDOBUD |b FDOBUD |d 2019-11-19 |i 1059645 |o 378.983 GON 1961 |p 1059645 |r 2019-11-19 |t 2 |w 2019-11-19 |y BK_X |k FHP | ||
| 952 | |0 0 |1 0 |2 ddc |4 0 |6 378_983000000000000_GON_1961 |7 0 |8 X |9 273585 |a FDOBUD |b FDOBUD |d 2019-11-19 |i 1064940 |o 378.983 GON 1961 |p 1064940 |r 2019-11-19 |t 3 |w 2019-11-19 |y BK_X |k FHP | ||
| 952 | |0 0 |1 0 |2 ddc |4 0 |6 378_983000000000000_GON_1961 |7 0 |8 X |9 273586 |a FDOBUD |b FDOBUD |d 2019-11-19 |i 1064959 |o 378.983 GON 1961 |p 1064959 |r 2019-11-19 |t 4 |w 2019-11-19 |y BK_X |k FHP | ||
| 952 | |0 0 |1 0 |2 ddc |4 0 |6 378_983000000000000_GON_1961 |7 0 |8 X |9 273587 |a FDOBUD |b FDOBUD |d 2019-11-19 |i 1064967 |o 378.983 GON 1961 |p 1064967 |r 2019-11-19 |t 5 |w 2019-11-19 |y BK_X |k FHP | ||
| 952 | |0 0 |1 0 |2 ddc |4 0 |6 378_983000000000000_GON_1961 |7 0 |8 X |9 273588 |a FDOBUD |b FDOBUD |d 2019-11-19 |i 1064975 |o 378.983 GON 1961 |p 1064975 |r 2019-11-19 |t 6 |w 2019-11-19 |y BK_X |k FHP | ||
| 952 | |0 0 |1 0 |2 ddc |4 0 |6 378_983000000000000_GON_1961 |7 0 |8 X |9 273589 |a FDOBUD |b FDOBUD |d 2019-11-19 |i 1064983 |o 378.983 GON 1961 |p 1064983 |r 2019-11-19 |t 7 |w 2019-11-19 |y BK_X |k FHP | ||
| 952 | |0 0 |1 0 |2 ddc |4 0 |6 378_983000000000000_GON_1961 |7 0 |8 X |9 273590 |a FDOBUD |b FDOBUD |d 2019-11-19 |i 1064991 |o 378.983 GON 1961 |p 1064991 |r 2019-11-19 |t 8 |w 2019-11-19 |y BK_X |k FHP | ||
| 952 | |0 0 |1 0 |2 ddc |4 0 |6 378_983000000000000_GON_1961 |7 0 |8 X |9 273591 |a FDOBUD |b FDOBUD |d 2019-11-19 |i 1065009 |o 378.983 GON 1961 |p 1065009 |r 2019-11-19 |t 9 |w 2019-11-19 |y BK_X |k FHP | ||
| 952 | |0 0 |1 0 |2 ddc |4 0 |6 378_983000000000000_GON_1961 |7 0 |8 X |9 273592 |a FDOBUD |b FDOBUD |d 2019-11-19 |i 1065017 |o 378.983 GON 1961 |p 1065017 |r 2019-11-19 |t 10 |w 2019-11-19 |y BK_X |k FHP | ||
| 952 | |0 0 |1 0 |2 ddc |4 0 |6 378_983000000000000_GON_1961 |7 0 |8 X |9 273593 |a FDOBUD |b FDOBUD |d 2019-11-19 |i 1076655 |o 378.983 GON 1961 |p 1076655 |r 2019-11-19 |t 11 |w 2019-11-19 |y BK_X |k FHP | ||
| 952 | |0 0 |1 0 |2 ddc |4 0 |6 378_983000000000000_GON_1961 |7 0 |8 X |9 587548 |a FDOBUD |b FDOBUD |d 2022-11-03 |e Donación |i 5655440 |o 378.983 GON 1961 |p 5655440 |r 2022-11-03 |w 2022-11-03 |y BK_X |k FHP | ||